000 00705nam a2200289Ia 4500
005 20260324120535.0
008 008 260324s9999 xx 000 0 eng d
020 _a9781315610085
037 _aEBOOK
040 _aCRL
040 _beng
040 _cCRL
041 _2eng
041 _aeng
084 _qCRL
100 _aJiří Přibáň
_91158979
245 0 _aSovereignty in Post-Sovereign Society
245 2 _bA Systems Theory of European Constitutionalism
260 _bTaylor and Francis
260 _c2015
365 _a
365 _b230
856 _uhttp://www.taylorfrancis.com/books/9781315610085
942 _cEBOOK
999 _c1750579
_d1750579